Los e-sport como ¿deporte? (Registro nro. 324603)

Detalles MARC
000 -ENCABEZADO
Número de control [NR] 00880nam a22002297a 4500
005 - FECHA Y HORA DE LA ÚLTIMA TRANSACCIÓN
control field 20240828071055.0
008 - DE LONGITUD FIJA DE DATOS DE ELEMENTOS - INFORMACIÓN GENERAL
Elementos de longitud fija [NR] 240828t ||||| |||| 00| 0 spa d
020 ## - NUMERO INTERNACIONAL NORMALIZADO PARA LIBROS [R]
Número Internacional Normalizado del libro [NR] 9788429020526
040 ## - FUENTE DE CATALOGACION [NR]
Agencia de catalogación original [NR] CO-BoUCM
Quien Cataloga David Moreno
Quien Clasifica David Moreno
041 ## - CODIGO DE IDIOMA [R]
Código de idioma para texto/pista de sonido o título separado [R] Español
100 1# - ASIENTO PRINCIPAL--NOMBRE PERSONAL [NR]
Nombre personal [NR] Rodríguez Ten, Javier
ID Autoridad 136054
245 14 - MENCION DE TITULO [NR]
Título [NR] Los e-sport como ¿deporte?
Parte restante del título [NR] análisis jurídico y técnico-deportivo de su naturaleza y los requisitos legales exigidos
Mención de responsabilidad, etc. [NR] Javier Rodríguez Ten
250 ## - MENCION DE EDICION [NR]
Mención de edición [NR] 1a Ed.
260 ## - PUBLICACION, DISTRIBUCION, ETC. (PIE DE IMPRENTA) [R]
Lugar de publicación, distribución, etc. [R] Madrid, España
Nombre del editor, distribuidor, etc. [R] Reus Editorial
Fecha de publicación, distribución, etc. [R] 2018
300 ## - DESCRIPCION FISICA [R]
Extensión [R] 151 Paginas
650 14 - ASIENTO SECUNDARIO DE MATERIA - TERMINO TEMATICO [R]
Término temático o nombre geográfico como elemento de entrada [NR] Videojuegos
Subdivisión general [R] Gaming competitivo
9 (RLIN) 182294
650 14 - ASIENTO SECUNDARIO DE MATERIA - TERMINO TEMATICO [R]
Término temático o nombre geográfico como elemento de entrada [NR] Competencia digital
Subdivisión general [R] Esports
9 (RLIN) 182295
650 14 - ASIENTO SECUNDARIO DE MATERIA - TERMINO TEMATICO [R]
Término temático o nombre geográfico como elemento de entrada [NR] Ley
Subdivisión general [R] Deportes electrónicos
9 (RLIN) 182296
650 14 - ASIENTO SECUNDARIO DE MATERIA - TERMINO TEMATICO [R]
Término temático o nombre geográfico como elemento de entrada [NR] Torneos de videojuegos
Subdivisión general [R] Cultura gamer
9 (RLIN) 182297
942 ## - ELEMENTOS DE ENTRADA AGREGADOS (KOHA)
Sistema de clasificación DEWEY
Tema principal Entretenimiento
Tipo de ítem principal el descrito en 300a Libro
Edición 1
Clasificación 794.8
Parte restante de la signatura top. R696e
Título oculto en OPAC No
Existencias
Fecha de último préstamo Total préstamos Signatura topográfica Código de barras Última vez visto Ejemplar Price effective from Tipo de ítem Perdido Sistema de clasificación Dañado No prestable Tipo de ítem específico Suprimido Ubicación habitual Ubicación actual Localización Fecha de creación Forma de adquisición Costo
27/09/2024 1 794.8 R696e 100173018 11/12/2025 Ej.1 28/08/2024 Libro   DEWEY     Libro   Sede del emprendimiento y la innovación Sede del Emprendimiento, Innovación y Creación 1er piso 28/08/2024 Compra 329252.00